| 000 | 00814nam a22002537a 4500 | ||
|---|---|---|---|
| 005 | 20170123162339.0 | ||
| 010 | _aA-645724 | ||
| 020 | _c120.00 | ||
| 035 | _aA-645724 | ||
| 037 | _bCen Lib/Ret | ||
| 040 |
_aDPL _bUR |
||
| 082 |
_a841.08 _bج گ ن |
||
| 245 |
_aارمغان آزاد / _cمرتب ظہور ادیں |
||
| 246 |
_aGhArmughan azad / _bby Zahoor Aldeen |
||
| 260 |
_bمحروم میموریل لٹریری سوسائٹی _aنیی دہلی _c1993 |
||
| 270 | _bنیی دہلی | ||
| 300 |
_a311p. _c21cm(Hb) |
||
| 650 |
_aادب -- اردو _9126219 |
||
| 650 |
_aاردو سوانے عمری _9126220 |
||
| 650 |
_aLiterature -- Urdu _9126221 |
||
| 650 |
_aUrdu biography _9511 |
||
| 700 |
_aظہور ادیں _9126222 |
||
| 942 |
_2ddc _cUR _h841.08 _mج گ ن |
||
| 999 |
_c108373 _d108373 |
||